000 00280nam a22001337a 4500
008 170911b xxu||||| |||| 00| 0 eng d
020 _a9780470235744
041 _aeng
080 _a91
100 _a42
101 _a42
245 _aOCEANOGRAPHY
_cTHORPE.S.A
942 _2udc
_cBK
999 _c26978
_d26978